| 000 -LEADER |
| fixed length control field |
00495nam a22001935i 4500 |
| 003 - CONTROL NUMBER IDENTIFIER |
| control field |
OSt |
| 005 - DATE AND TIME OF LATEST TRANSACTION |
| control field |
20220303162839.0 |
| 008 - FIXED-LENGTH DATA ELEMENTS--GENERAL INFORMATION |
| fixed length control field |
160826s2017 nyu 000 0 eng |
| 010 ## - LIBRARY OF CONGRESS CONTROL NUMBER |
| LC control number |
2016950948 |
| 020 ## - INTERNATIONAL STANDARD BOOK NUMBER |
| International Standard Book Number |
9789352693139 |
| 042 ## - AUTHENTICATION CODE |
| Authentication code |
pcc |
| 082 ## - DEWEY DECIMAL CLASSIFICATION NUMBER |
| Classification number |
624 |
| Item number |
SHA |
| 100 ## - MAIN ENTRY--PERSONAL NAME |
| Personal name |
Shivasharan Sharma |
| 245 00 - TITLE STATEMENT |
| Title |
Measurement in science and civil engineering / |
| Statement of responsibility, etc |
[edited by] Nelson Bolivar. |
| 260 ## - PUBLICATION, DISTRIBUTION, ETC. (IMPRINT) |
| Place of publication, distribution, etc |
New Delhi |
| Name of publisher, distributor, etc |
Randam Publication |
| 263 ## - PROJECTED PUBLICATION DATE |
| Projected publication date |
1701 |
| 300 ## - PHYSICAL DESCRIPTION |
| Extent |
pages cm |
| 942 ## - ADDED ENTRY ELEMENTS (KOHA) |
| Source of classification or shelving scheme |
|